| 000 | 00675nam a2200193Ia 4500 | ||
|---|---|---|---|
| 005 | 20250508153442.0 | ||
| 008 | 008 250505s9999 xx 000 0 eng d | ||
| 037 | _aBooks to be hide in OPAC | ||
| 040 |
_aFEDL _beng _cFEDL |
||
| 041 |
_aeng _2eng |
||
| 084 |
_a370.973, UNI/O _qFEDL |
||
| 100 | _aCummings Milton | ||
| 245 | 0 | _aAdventures in learning. Frontiers past sixty in Hamilton, Ohio: A study of Hamilton's center for older people | |
| 260 |
_aWashington, USA _bU.S. Government Printing Office _c1961 |
||
| 300 | _aviii,32p. | ||
| 700 |
_a Allen Muriel M Hamilion Karl Hess _9764055 |
||
| 942 |
_cHB _h370.973, UNI/O |
||
| 999 |
_c1342987 _d1342987 |
||